01016nam a2200289 a 4500001000700000003000600007005001700013008004100030020002800071039002300099040000800122050002200130100002200152245010000174260005000274300003400324440003900358504005100397596000600448650003800454650003600492650003200528700002300560942001200583952011400595999001700709u10350SIRSI20180220093536.0010704s2000 flua b 001 0 eng d a1566704790 (alk. paper) 9y200203190955zload aEAL aSB933.3bR43 20001 aRechcigl, Jack E.10aBiological and biotechnological control of insect pests /cJack E. Rechcigl, Nancy A. Rechcigl. aBoca Raton, Fla. :bLewis Publishers,cc2000. a374 p. :bill., map ;c24 cm. 0aAgriculture and environment series aIncludes bibliographical references and index. a1 0aInsect pestsxBiological control. 0aBiological pest control agents. 0aAgricultural biotechnology.10aRechcigl, Nancy A. cBK2lcc 00102lcc4070aENALbENALd2018-02-20l0oSB933.3 R43 2000p0010027r2018-02-20 00:00:00t1w2018-02-20yBK c18743d18743